Imperial Ranks 2 - Statistics

General Stats
  • This quiz has been taken 10 times
  • The average score is 8 of 19
Answer Stats
Hint Answer % Correct
C-4 Admiral
100%
O-6 Captain
86%
O-5 Commander
86%
C-1 Commodore
71%
O-3 Lieutenant
71%
C-3 Vice Admiral
71%
O-1 Ensign
57%
HC-2 Grand Admiral
57%
C-5 Fleet Admiral
43%
HC-3 Lord Admiral
43%
C-2 Rear Admiral
43%
E-1 Recruit
43%
O-4 Lieutenant Commander
29%
O-2 Lieutenant Junior Grade
14%
E-6 Command First Sergeant
0%
E-2 Crewman
0%
E-3 Flight Corporal
0%
E-4 Flight Sergeant
0%
E-5 Master Flight Sergeant
0%
No matching quizzes found
Score Distribution
Percent of People with Each Score
Percentile by Number Answered
Your Score History
You have not taken this quiz